Nghệ thuật 2

Sách giúp giáo viên phương pháp giảng dạy và soạn giáo án giảng dạy môn Nghệ thuật 2 bám sát theo chương trình sách giáo khoa. Nội dung sách gồm 3 phần chính là âm nhạc, mĩ thuật và thủ công.

Saved in:
Bibliographic Details
Main Author: Hoàng, Long
Format: Book
Language:Undetermined
Published: Hà Nội Giáo dục 2010
Subjects:
Art
Tags: Add Tag
No Tags, Be the first to tag this record!
Institutions: Trung tâm Học liệu Trường Đại học Cần Thơ
LEADER 00949nam a2200217Ia 4500
001 CTU_158917
008 210402s9999 xx 000 0 und d
020 |c 11700 
082 |a 372.5 
082 |b L431/L.2 
100 |a Hoàng, Long 
245 0 |a Nghệ thuật 2 
245 0 |c Hoàng Long (Chủ biên Âm nhạc), Nguyễn Quốc Toản (Chủ biên Mĩ thuật), Đoàn Chi (Chủ biên Thủ công) 
260 |a Hà Nội 
260 |b Giáo dục 
260 |c 2010 
520 |a Sách giúp giáo viên phương pháp giảng dạy và soạn giáo án giảng dạy môn Nghệ thuật 2 bám sát theo chương trình sách giáo khoa. Nội dung sách gồm 3 phần chính là âm nhạc, mĩ thuật và thủ công. 
650 |a Art 
650 |x Study and teaching (Elementary) 
904 |i Bạch Trúc 
980 |a Trung tâm Học liệu Trường Đại học Cần Thơ